Jaka to fobia? #1 - Statystyki

Ogólne statystyki
  • Ten quiz został rozwiązany 99 razy
    89 od ostatniego zresetowania
  • Średni wynik to 4 z 10
Statystyki odpowiedzi
Opis Fobia % Poprawnych
lęk przed pająkami Arachnofobia/Arachnefobia
92%
strach przed ograniczoną przestrzenią Klaustrofobia
76%
lęk przed psami Kynofobia/Dogofobia
40%
lęk przed otwartą przestrzenią Agorafobia
35%
strach przed stomatologiem Dentofobia
35%
strach przed ogniem Arsonfobia/Pirofobia
33%
lęk przed wodą i wilgocią Hydrofobia
32%
strach przed krwią Hematofobia/Hemofobia/Hemafobia
25%
lęk wysokości Akrofobia/Hipsofobia
21%
strach przed ciemnością Achluofobia/Nyktofobia
15%
Nie znaleziono quizów pasujących do podanych kryteriów
Rozkład punktacji
Procent ludzi z każdym wynikiem
Percentyl według liczby udzielonych odpowiedzi
Twoja historia wyników
Nie rozwiązałeś tego quizu od ostatniego zresetowania